000 00597nam a2200241Ia 4500
001 UByD000019
003 AR-LpoUNG
005 20241226141108.0
008 211201s1999||||ag |||||||||||||| ||spa||
020 _a9879409035
040 _aAR-LpoUNG
_bspa
_cAR-LpoUNG
_eaacr
082 0 _aA863 826rio
100 _aBravi, Adrián N.
245 1 0 _aRío Sauce
260 _aBuenos Aires :
_bParadiso,
_c1999.
300 _a192 p.
650 0 4 _aLITERATURA CONTEMPORANEA
650 4 _aNOVELAS
650 4 _aFILOSOFIA
650 4 _aLITERATURA ARGENTINA
905 _aCJPM489
942 _cLIB
_2ddc
999 _c62221
_d62221